000 00768nas a2200241 4500
001 BR9900399
003 BR-BrBNA
005 20231205101210.0
007 ta
008 230509b bl.|||p| |||| 00| 00por d
040 _aBR-BrBNA
_bpor
_cBiblioteca Nacional de Agricultura
041 _a(Pt)
072 _aF06
100 1 _aAndrade Junior, A.S. de
100 1 _aBastos, E.A.
100 1 _aRodrigues, B.H.N.
245 1 _aEfeito do tempo de uso na uniformidade de distribuicao de agua em um sistema de irrigacao por gotejamento
650 _aIrrigacao por Gotejamento
650 _aDistribuicao de Agua
773 0 _tIrriga (Brazil)
_xISSN 1413-7895
_g(1997), v. 2(3) p. 135-139
_wBR9900399
909 _a202311
_bLúcia
_c55
_dLúcia Elande
942 _2AGRIS
_n0
_cANA
999 _c160372
_d160372